Statystyki dla Kraje Ameryki Środkowej z mapą - 15 sekundowy sprint

Kliknij tutaj aby rozwiązać quiz!

Ogólne statystyki

  • Ten quiz został rozwiązany 135 razy
  • Średni wynik to 4 z 7

Odpowiedzi na mapie

Odpowiedzi skodowane kolorowo w zielono-czerwonej skali na mapie do tego quizu, zgodnie z poniższymi procentami.
 

Statystyki odpowiedzi

kraj% Poprawnych
Panama
88%
Kostaryka
76%
Belize
67%
Honduras
59%
Nikaragua
59%
Gwatemala
51%
Salwador
49%

Rozkład punktacji

Percentyl według liczby udzielonych odpowiedzi

Procent ludzi z każdym wynikiem

Twoja historia wyników

Nie rozwiązałeś tego quizu